[Event "Desaixmuiron"]
[Site "http://www.queenalice.com/game.php?id=1335005"]
[Date "2015.1.15"]
[Round "2"]
[White "Piazzolero"]
[Black "digger"]
[Result "1/2-1/2"]
[WhiteElo "1725"]
[BlackElo "1595"]

1. d4 d5 2. Bf4 Nf6 3. e3 e6 4. Nc3 Bb4 5. Qd3 Nc6 6. O-O-O Bxc3 7. Qxc3 Ne4 8.
Qa3 Nxf2 9. Rd2 Nxh1 10. g3 g5 11. Be5 Nxe5 12. dxe5 c6 13. Bg2 Nxg3 14. hxg3 g4
15. e4 d4 16. Qc5 a6 17. Rxd4 Qg5+ 18. Kb1 Bd7 19. Rd6 Qe7 20. Ne2 O-O 21. Nc1
Rad8 22. Nd3 f6 23. Qa7 Rb8 24. a3 fxe5 25. Qc5 Rfd8 26. Nxe5 Be8 27. Rxd8 Qxc5
28. Rxb8 Qg1+ 29. Ka2 Qxg2 30. Rxe8+ Kg7 31. Rxe6 Qxe4 32. Re8 Qd5+ 33. b3 Qe4
34. c4 Qc2+ 35. Ka1 Qxb3 36. Nxg4 Qxa3+ 37. Kb1 Qxg3 38. Ne5 Qg1+ 39. Kc2 Kf6
40. Nd3 c5 41. Rc8 Qd4 42. Rxc5 h5 43. Rxh5 Qxc4+ 44. Kd2 Qa2+ 45. Ke3 Qe6+ 46.
Kd2 Qg4 47. Rh7 Qg2+ 48. Kc3 b5 49. Rh6+ Kf7 50. Rxa6 Qb7 51. Ra1 Qc6+ 52. Kd2
Qb6 53. Rf1+ Ke7 54. Rf4 Qd6 55. Rb4 Qd7 56. Kc3 Ke6 57. Nc5+ Kd6 58. Nxd7 Kxd7
59. Rxb5 Kc6 60. Kc4 Kd6 61. Rb6+ Ke5 62. Rb5+ Kd6 63. Kb4 Kc6 64. Kc4 Kd6
1/2-1/2

[Event "Let's Play Chess!"]
[Site "http://www.queenalice.com/game.php?id=1337447"]
[Date "2015.1.27"]
[Round "-"]
[White "Wildhagen"]
[Black "Piazzolero"]
[Result "0-1"]
[WhiteElo "1421"]
[BlackElo "1731"]

1. e4 e5 2. Qh5 Nf6 3. Qxe5+ Qe7 4. Qxc7 Nc6 5. Qf4 Nxe4 6. d3 Ng3+ 7. Be3 Nxh1
8. Nc3 d6 9. Nf3 Be6 10. Nb5 O-O-O 11. Bxa7 Bc4+ 12. Be2 Bxb5 13. Bb6 Re8 14.
Ng1 f6 15. O-O-O Qe6 16. c4 Ba6 17. Bg4 Nd8 18. Nf3 Nxf2 19. Bxe6+ Nxe6 20. Qf5
Kd7 21. Re1 Nxd3+ 22. Qxd3 g6 23. b4 Kc6 0-1

[Event "Jouons-nous aux échecs! "]
[Site "http://www.queenalice.com/game.php?id=1342059"]
[Date "2015.2.16"]
[Round "-"]
[White "masam2014"]
[Black "Piazzolero"]
[Result "1-0"]
[WhiteElo "1728"]
[BlackElo "1622"]

1. d4 d5 2. c4 dxc4 3. e4 e6 4. a3 Nc6 5. Nf3 f6 6. Bxc4 Ke7 7. d5 exd5 8. Qxd5
Be6 9. Qxd8+ Rxd8 10. Bxe6 Kxe6 11. O-O Kd7 12. Rd1+ Kc8 13. Rxd8+ Nxd8 14. Nc3
Ne7 15. Bf4 Nec6 16. Rd1 g6 17. Nd5 Ne6 18. Bg3 Bg7 19. b4 Ng5 20. Nxg5 fxg5 21.
Nxc7 Bb2 22. b5 Na5 23. a4 h5 24. Nd5 Re8 25. Nb4 Rxe4 26. Nc2 Rxa4 27. h3 h4
28. Bh2 g4 29. Rb1 1-0

[Event "Xadrez o Jogo da Vida"]
[Site "http://www.queenalice.com/game.php?id=1343457"]
[Date "2015.2.23"]
[Round "-"]
[White "Lintz"]
[Black "Piazzolero"]
[Result "1-0"]
[WhiteElo "1894"]
[BlackElo "1735"]

1. e4 e5 2. Nf3 Bc5 3. Nc3 d6 4. Nb1 Nf6 5. c3 O-O 6. b4 Bb6 7. d3 Ng4 8. d4 c5
9. Be3 Nc6 10. Qd2 Nf6 11. Bd3 Bg4 12. dxc5 dxc5 13. bxc5 1-0

[Event "Xadrez é uma Arte"]
[Site "http://www.queenalice.com/game.php?id=1347503"]
[Date "2015.3.16"]
[Round "-"]
[White "ztnilz"]
[Black "Piazzolero"]
[Result "1-0"]
[WhiteElo "1987"]
[BlackElo "1590"]

1. Nf3 d5 2. d4 Bf5 3. Nc3 e6 4. e3 Nc6 5. a3 Nf6 6. Be2 Bd6 7. Nh4 O-O 8. Nxf5
exf5 9. Bf3 Ne7 10. Nb5 Qd7 11. Nxd6 Qxd6 12. O-O c6 13. b3 b5 14. Bb2 a6 15. b4
Ng6 16. g3 a5 17. bxa5 Rxa5 18. Bc3 Rxa3 19. Rxa3 Qxa3 20. Qd2 Rb8 21. Bb4 Qa7
22. Qc3 Qc7 23. Ra1 Ne4 24. Qa3 Qc8 25. Bxe4 fxe4 26. Qb2 h5 27. Qc1 Qg4 28. Qf1
Qf3 29. Ra7 h4 30. Rc7 Qf6 31. Ra7 Rc8 32. g4 1-0

[Event "III Torneo Latin"]
[Site "http://www.queenalice.com/game.php?id=1348160"]
[Date "2015.3.18"]
[Round "3"]
[White "Huevo"]
[Black "Piazzolero"]
[Result "0-1"]
[WhiteElo "1521"]
[BlackElo "1699"]

1. e4 e5 2. Ne2 Bc5 3. Ng3 d6 4. Bc4 Nf6 5. d3 Nc6 6. Be3 Bb4+ 7. Nd2 Bg4 8. f3
Be6 9. Bxe6 fxe6 10. O-O Qe7 11. a4 O-O-O 12. c3 Bc5 13. Qe2 h6 14. b4 Bxe3+ 15.
Qxe3 g5 16. b5 Nb8 17. Qxa7 h5 18. a5 Nfd7 19. a6 bxa6 0-1

[Event "Let's Play Chess!"]
[Site "http://www.queenalice.com/game.php?id=1351536"]
[Date "2015.4.4"]
[Round "-"]
[White "anietoro"]
[Black "Piazzolero"]
[Result "1-0"]
[WhiteElo "2243"]
[BlackElo "1720"]

1. c4 e5 2. Nc3 Bc5 3. g3 d6 4. Bg2 Nf6 5. e3 Ng4 6. h3 Nf6 7. Nge2 O-O 8. O-O
Nc6 9. d4 exd4 10. exd4 Bb4 11. Bg5 h6 12. Bxf6 Qxf6 13. Nd5 Qd8 14. a3 Ba5 15.
b4 Bb6 16. c5 dxc5 17. dxc5 Be6 18. cxb6 cxb6 19. Nef4 b5 20. Nxe6 fxe6 21. Nf4
Qe8 22. Nxe6 Qxe6 23. Bd5 Qxd5 24. Qxd5+ Rf7 25. Qxb5 a6 26. Qc5 Nd8 27. Rfe1 b5
28. Re7 g5 29. Rxf7 Nxf7 30. Re1 Kg7 31. Re7 Kg8 32. Qf5 Nd6 33. Qg6+ Kf8 34.
Qg7# 1-0

[Event "Let's Play Chess!"]
[Site "http://www.queenalice.com/game.php?id=1356000"]
[Date "2015.4.27"]
[Round "-"]
[White "Bategoll"]
[Black "Piazzolero"]
[Result "1-0"]
[WhiteElo "1923"]
[BlackElo "1689"]

1. d4 d5 2. Nf3 Bf5 3. Nc3 e6 4. e3 Bd6 5. Bd3 Nf6 6. a3 O-O 7. Bxf5 exf5 8. Bd2
Qe8 9. O-O c6 10. Rb1 b5 11. b4 a6 12. Re1 Nbd7 13. Ne2 Ne4 14. Nf4 Ndf6 15. c3
Qd8 16. Qc2 1-0

[Event "Let's Play Chess!"]
[Site "http://www.queenalice.com/game.php?id=1357442"]
[Date "2015.5.5"]
[Round "-"]
[White "Piazzolero"]
[Black "schalturtjik"]
[Result "0-1"]
[WhiteElo "1691"]
[BlackElo "2101"]

1. d4 Nf6 2. Bf4 e6 3. e3 c5 4. dxc5 Bxc5 5. Nf3 Nc6 6. Nc3 d5 7. Nb5 Bb6 8. Bd3
Ne4 9. Bxe4 dxe4 10. Ne5 Nxe5 11. Bxe5 f6 12. Qxd8+ Bxd8 13. Rd1 fxe5 14. O-O
O-O 15. Nd6 Bc7 16. Nxe4 b6 17. c4 Bb7 18. Ng5 Rf6 19. Rd7 Rc8 20. b3 h6 21. Nh3
Rg6 0-1

[Event "Desaixmuiron"]
[Site "http://www.queenalice.com/game.php?id=1360643"]
[Date "2015.5.20"]
[Round "3"]
[White "nathmurr"]
[Black "Piazzolero"]
[Result "1-0"]
[WhiteElo "1583"]
[BlackElo "1672"]

1. e4 e5 2. d3 Bc5 3. Qg4 Qf6 4. f3 Nc6 5. Nc3 d6 6. Nd5 Qd8 7. Qxg7 Qh4+ 8. g3
Qh5 9. Nxc7+ Kd7 10. Nxa8 Bxg1 11. Rxg1 Qxh2 12. Rg2 Qh5 13. Qxh8 Qg6 14. f4 Nd4
15. Kd1 f6 16. Be3 Nc6 17. f5 Qf7 18. Rh2 Nb4 19. Rxh7 Qxh7 20. Qxh7+ Kc6 21.
Qc7+ Kb5 22. a4+ Ka6 23. d4+ b5 24. Bxb5# 1-0

[Event "Challenge"]
[Site "http://www.queenalice.com/game.php?id=1362137"]
[Date "2015.5.28"]
[Round "-"]
[White "JORAM2205"]
[Black "Piazzolero"]
[Result "1-0"]
[WhiteElo "1765"]
[BlackElo "1708"]

1. e4 e5 2. Nf3 Bc5 3. Nxe5 d6 4. Nf3 Nf6 5. d3 Ng4 6. d4 Bb4+ 7. Bd2 Bxd2+ 8.
Qxd2 Nd7 9. Nc3 Ndf6 10. Qg5 O-O 11. Qh4 h6 12. Qg3 1-0

[Event "Challenge"]
[Site "http://www.queenalice.com/game.php?id=1363086"]
[Date "2015.6.2"]
[Round "-"]
[White "joaobatista"]
[Black "Piazzolero"]
[Result "1-0"]
[WhiteElo "1748"]
[BlackElo "1548"]

1. Nc3 e5 2. e4 Bc5 3. Na4 d6 4. Nf3 Nc6 5. Nxc5 dxc5 6. h3 Nf6 7. d3 O-O 8. g4
b6 9. c3 a5 10. Bg2 Ba6 11. c4 Nd4 12. Bg5 h6 13. Bh4 Qd6 14. Bg3 Qd7 15. Nxe5
Qe6 16. f4 Nd7 17. f5 Qe7 18. Nxd7 Qxd7 19. e5 Rae8 20. O-O 1-0